00970cam a2200277 a 450000100060000000300080000600500170001400800410003103500190007203500110009104000340010204100080013608200270014410000260017124500500019726000510024730000540029850400320035250400200038465000490040465000510045365100230050494200120052799900170053995201360055617051BD-RjUL20211209000100.0140216r19761974enkacf b 001 0 eng d a(BD-RjUL)17108 a212970 aLCbengcLCdABN-SNRdBD-RjUL aeng04a791.43090932bCAT 19761 aCalder, Jenni.95259810aThere must be a Lone Ranger /c Jenni Calder, aBombay :bAllied pub.,cc1974 [reprinted 1976] axiii, 241 p. :billus., facsim., ports. ;c22 cm. aBibliography: p. [231]-234. aIncludes index. 0aWestern filmsxHistory and criticism.952599 0aWestern storiesxHistory and criticism.952600 0aWest (U.S.)952601 2ddccBK c17051d17051 00102ddc40718NFICaRUCLbRUCLcReadingd1976-12-24eu.s.i.sl0o791.43090932 CAT 1976r2014-02-16 00:00:00tC-1w2014-02-16yBK